| 000 | 01850nam a2200541 i 4500 | ||
|---|---|---|---|
| 001 | 38407 | ||
| 003 | KOSZ 005 | ||
| 005 | 20201214092102.0 | ||
| 008 | 000912s2000 pl a |000 0 pol | ||
| 015 | _aUWD 2000/16789 | ||
| 020 | _a8388007440 | ||
| 035 | _a991014674239705066 | ||
| 035 | _a(PL-WaBN)b13943807-48omnis_nlop | ||
| 035 | _ab13943807 | ||
| 035 | _a(OCoLC)749363581 | ||
| 035 | _a(PL)b0000001394380 | ||
| 035 | _a(EXLNZ-48OMNIS_NETWORK)9910111913405606 | ||
| 040 |
_aWA N _cWA N _dKOSZ 005/HR |
||
| 041 | 0 |
_apol _beng |
|
| 046 | _k2000 | ||
| 080 | _a004.4 | ||
| 080 | _a005.6 | ||
| 100 | 1 |
_aSikorski, Marcin _c(zarządzanie) _eAutor |
|
| 245 | 1 | 0 |
_aZarządzanie jakością użytkową w przedsięwzięciach informatycznych / _cMarcin Sikorski ; Politechnika Gdańska. |
| 260 |
_aGdańsk : _bWydaw. PG, _c2000. |
||
| 300 |
_a173 s. : _bil. ; _c24 cm. |
||
| 336 |
_aTekst _btxt _2rdacontent |
||
| 337 |
_aBez urządzenia pośredniczącego _bn _2rdamedia |
||
| 338 |
_aWolumin _bnc _2rdacarrier |
||
| 380 | _aKsiążki | ||
| 380 | _aPublikacje naukowe | ||
| 388 | _a1901-2000 | ||
| 388 | _a1989-2000 | ||
| 490 | 1 |
_aMonografie / Politechnika Gdańska ; _v17 |
|
| 504 | _aBibliogr. | ||
| 546 | _aStreszcz. ang. | ||
| 650 | 7 |
_aJakość produktu _2DBN |
|
| 650 | 7 |
_aProgramy komputerowe _2DBN |
|
| 650 | 7 |
_aZarządzanie jakością _2DBN |
|
| 658 | _aInformatyka i technologie informacyjne | ||
| 658 | _aZarządzanie i marketing | ||
| 710 | 2 | _aPolitechnika Gdańska | |
| 710 | 2 |
_aWydawnictwo Politechniki Gdańskiej _4pbl |
|
| 830 | 0 |
_aMonografie - Politechnika Gdańska _v17 |
|
| 856 |
_uhttp://koha.tu.koszalin.pl/cgi-bin/koha/opac-detail.pl?biblionumber=38407 _yKatalog online BPK |
||
| 942 |
_2UKD _cKS |
||
| 999 |
_c38407 _d38407 |
||